000 01282cam a22003617a 4500
003 CHAP
005 20220329141110.0
008 971013s1996 r 00010 d
010 _a62549
011 _a63521
035 _a67697
040 _cCHAP
090 _aTesis
100 0 0 _aGarcía Ramírez, Jaime.
_946483
245 1 3 _aEl papel del crédito agrícola oficial en la Comarca Lagunera
260 _aChapingo, Méx. :
_bEl autor,
_c1996
300 _a163 h.
502 _aTesis (Maestría en Sociología Rural) -- UACH. Departamento de Sociología Rural
590 _aALEPH
_b10
_c20130110
_lUCH01
_h1345
590 _aBATCH-UPD
_b10
_c20130110
_lUCH01
_h0659
590 _aBATCH-UPD
_b10
_c20130410
_lUCH01
_h0345
590 _aBATCH-UPD
_b10
_c20130914
_lUCH01
_h0102
590 _aCONVERSION
_b10
_c20130109
_lUCH01
_h1334
650 1 4 _aAgricultura y Estado
_xComarca Lagunera.
_92043
650 1 4 _aAlgodón
_xComarca Lagunera.
_93989
650 1 4 _aCrédito agrícola
_xComarca lagunera.
_929046
650 1 4 _aMovimientos campesinos
_xComarca Lagunera.
_979164
650 1 4 _aReforma agraria
_xComarca Lagunera.
_995536
901 _aBK
942 _cFOLL
949 _bBC
_cTES
_d-153076
_eTS1
_h31213
_i67697
_si
949 _bBC
_cTES
_d33724000635918
_eTS2
_fc.2
_h31214
_i67697
_si
999 _c62549
_d62549